01338 a2200169 45000010006000000050017000060080041000230030015000640400040000790800153001192450064002722640029003363000019003655050737003841000017011217000030011385383220260407155809.0260407a1971 arg spa dAR-UNSa-BCEJYS aAR-UNSa-BCEJYSbspacAR-UNSa-BCEJYS a338xSituación económica. Política económica. Gestión de la economía. Planificación de la economía. Producción. Servicios. Precios10aTeoría general de la programaciónp(decisiones optimas) 1aBarcelona :bArielc1971 a410 p.c19 cm. aI. Los diferentes tipos de modelo de programación - II. Principios generales de la teoría de la programación - III. Programación marginal - IV. La programación lineal - V. El análisis de actividades - VI. La programación en caso de multiplicidad de objetivos - VII. La programación en casos de incertidumbre - VIII. Programación dinámica de compras y existencias en condiciones de seguridad - IX. La programación dinámica de compras y existencias en condiciones de incertidumbre - X. Programación dinámica de la producción en condiciones de certidumbre - XI. Programación dinámica de la producción en condiciones de incertidumbre - XII. La programación en condiciones de incertidumbre absoluta1 aLange, Oskar1 aBustamante Ortiz, Meliton